Pharmaceutical Calculations (Record no. 16607)
[ view plain ]
| 000 -LEADER | |
|---|---|
| fixed length control field | 00315nam a22001337a 4500 |
| 008 - FIXED-LENGTH DATA ELEMENTS--GENERAL INFORMATION | |
| fixed length control field | 131129t xxu||||| |||| 00| 0 eng d |
| 020 ## - INTERNATIONAL STANDARD BOOK NUMBER | |
| International Standard Book Number | 978-1-58255-837-0 |
| 040 ## - CATALOGING SOURCE | |
| Original cataloging agency | ASAB |
| Transcribing agency | ASAB |
| 100 ## - MAIN ENTRY--PERSONAL NAME | |
| Personal name | Howard C. Ansel |
| 9 (RLIN) | 339 |
| 245 ## - TITLE STATEMENT | |
| Title | Pharmaceutical Calculations |
| 250 ## - EDITION STATEMENT | |
| Edition statement | 13th Ed. |
| 300 ## - PHYSICAL DESCRIPTION | |
| Extent | 340 |
| 942 ## - ADDED ENTRY ELEMENTS (KOHA) | |
| Source of classification or shelving scheme | |
| Koha item type | Book |
| Withdrawn status | Lost status | Source of classification or shelving scheme | Damaged status | Not for loan | Permanent Location | Current Location | Shelving location | Date acquired | Total Checkouts | Full call number | Barcode | Date last seen | Price effective from | Koha item type |
|---|---|---|---|---|---|---|---|---|---|---|---|---|---|---|
| Atta-ur-Rahman School of Applied Biosciences (ASAB) | Atta-ur-Rahman School of Applied Biosciences (ASAB) | Reference | 11/29/2013 | 615.14 ANS | ASAB1424 | 11/29/2013 | 11/29/2013 | Book |
